000
00408nam a2200169Ia 4500
001
20636
003
GE_BSU
008
181216s||||||||xx |||||||||||||| ||und||
040
_c
GE_BSU
245
_a
გადასახადები #1. 2017
260
_a
თბილისი
260
_c
2017
300
_a
cd
653
_a
cd
653
_a
გადასახადები #1. 2017
942
_c
CF
999
_c
53590
_d
53590